01250nam a2200325 a 4500001001100000003000800011006001900019007001500038008004100053010001700094020002800111040002100139035002000160050002900180082001700209100002400226245014200250260003800392300002500430504005300455533015200508650002500660650001400685650001600699655002900715700002300744710001700767856012500784999001500909ebr5005035CaPaEBRm u cr cn|||||||||980219s1998 ctua sb 001 0 eng  z 98006021  z1567201512 (alk. paper) aCaPaEBRcCaPaEBR a(OCoLC)5002487114aHF5549.5.M63bM33 1998eb04a658.3/142211 aMaddock, Richard C.10aMotivation, emotions, and leadershiph[electronic resource] :bthe silent side of management /cRichard C. Maddock and Richard L. Fulton. aWestport, Conn. :bQuorum,c1998. axvii, 202 p. :bill. aIncludes bibliographical references and indexes. aElectronic reproduction.bPalo Alto, Calif. :cebrary,d2013.nAvailable via World Wide Web.nAccess may be limited to ebrary affiliated libraries. 0aEmployee motivation. 0aEmotions. 0aLeadership. 7aElectronic books.2local1 aFulton, Richard L.2 aebrary, Inc.40uhttp://site.ebrary.com/lib/rucke/Doc?id=5005035zAn electronic book accessible through the World Wide Web; click to view c1510d1510